Les pays ayant accueilli la Coupe du Monde de Rugby - Statistiques

Statistiques générales
  • Ce quiz a été pris 56 fois
  • Le résultat moyen est 8 sur 10
Statistiques - réponses
Année Réponse % Correct
1991 Angleterre
98%
2015 Angleterre
98%
2007 France
98%
2023 France
98%
2003 Australie
96%
2011 Nouvelle-Zélande
94%
1995 Afrique du Sud
89%
2019 Japon
80%
1999 Pays de Galles
70%
1987 Australie et Nouvelle-Zélande
4%
Aucun quiz correspondant
Distribution des résultats
% des personnes avec chaque résultat
Percentile par nombre de réponses
Votre historique - résultats
Vous n’avez pas pris ce quiz